[Event "SVK-chT2B 2425"]
[Site "Slovakia"]
[Date "2024.11.10"]
[Round "2.4"]
[White "Laho, Maros"]
[Black "Rucek, Peter"]
[Result "1/2-1/2"]
[WhiteElo "2058"]
[BlackElo "1967"]
[PlyCount "123"]
[EventDate "2024.11.09"]
[EventType "team-tourn"]
[EventRounds "11"]
[EventCountry "SVK"]
[SourceTitle "CB51_2024"]
[SourceDate "2024.12.18"]
[SourceVersion "1"]
[SourceVersionDate "2024.12.18"]
[SourceQuality "1"]
[WhiteTeam "Nove Zamky"]
[BlackTeam "Belusa"]
[WhiteTeamCountry "SVK"]
[BlackTeamCountry "SVK"]

1. d4 d5 2. Bf4 c5 3. e3 Nc6 4. c3 Qb6 5. Qb3 c4 6. Qc2 Bf5 7. Qc1 e5 8. Bxe5 Nxe5 9. dxe5 Ne7 10. Nf3 Bg6 11. Nbd2 Nc6 12. b3 cxb3 13. axb3 Be7 14. Be2 f6 15. exf6 Bxf6 16. 0-0 Rc8 17. Nd4 0-0 18. Bf3 Nxd4 19. Bxd5+ Kh8 20. exd4 Bxd4 21. Bc4 Bxf2+ 22. Kh1 Rcd8 23. Nf3 Be4 24. Be2 Be3 25. Qe1 Bf4 26. Bc4 Rde8 27. Qh4 Qc6 28. Rae1 b5 29. Be2 Re6 30. h3 Rg6 31. Bxb5 Qxb5 32. Qe7 Re8 33. Qf7 Rf6 34. Qxa7 Bxf3 35. Rxe8+ Qxe8 36. Rxf3 Qe1+ 37. Qg1 Qxg1+ 38. Kxg1 Kg8 39. Rd3 Rd6 40. Rxd6 Bxd6 41. Kf2 Kf7 42. Ke3 Ke6 43. Ke4 Be5 44. c4 Bc3 45. Kd3 Bb4 46. Kd4 Kd6 47. Ke4 Kc5 48. Ke5 Bc3+ 49. Ke6 Bd4 50. h4 h6 51. h5 Kb4 52. Kf7 Bc3 53. g3 Kc5 54. Ke6 Bb2 55. Kf7 Ba1 56. Ke6 Bc3 57. g4 Bb2 58. Kf7 Ba1 59. Kg6 Bc3 60. g5 Bd2 61. gxh6 Bxh6 62. Kf7 1/2-1/2

[Event "Teguise Hotel op"]
[Site "Lanzarote"]
[Date "2024.08.22"]
[Round "9"]
[White "Menvielle Laccourreye, Augusto"]
[Black "Rucek, Peter"]
[Result "0-1"]
[WhiteElo "2092"]
[BlackElo "1963"]
[PlyCount "60"]
[EventDate "2024.08.15"]
[EventType "swiss"]
[EventRounds "9"]
[EventCountry "ESP"]
[SourceTitle "CBM 221 Extra"]
[Source "ChessBase"]
[SourceDate "2024.09.30"]
[SourceVersion "1"]
[SourceVersionDate "2024.09.30"]
[SourceQuality "1"]

1. e4 e6 2. d4 d5 3. e5 c5 4. c3 Nc6 5. Nf3 Qb6 6. a3 Nh6 7. b4 cxd4 8. cxd4 Nf5 9. Bb2 Bd7 10. g4 Nfe7 11. Nc3 h5 12. gxh5 Nf5 13. Na4 Qd8 14. Nc5 Bxc5 15. dxc5 Rxh5 16. Be2 Rh8 17. Rg1 g6 18. Qd2 Rc8 19. Rc1 a6 20. Qf4 Nce7 21. h4 Bb5 22. Bd1 d4 23. Bxd4 Nd5 24. Qg5 Qxg5 25. hxg5 Nf4 26. a4 Bc6 27. Rc3 Rd8 28. Be3 Rxd1+ 29. Kxd1 Bxf3+ 30. Kc2 Ne2 0-1

[Event "Teguise Hotel op"]
[Site "Lanzarote"]
[Date "2024.08.21"]
[Round "8"]
[White "Rucek, Peter"]
[Black "Cieslak, Waldemar"]
[Result "1-0"]
[WhiteElo "1963"]
[BlackElo "1615"]
[PlyCount "33"]
[EventDate "2024.08.15"]
[EventType "swiss"]
[EventRounds "9"]
[EventCountry "ESP"]
[SourceTitle "CBM 221 Extra"]
[Source "ChessBase"]
[SourceDate "2024.09.30"]
[SourceVersion "1"]
[SourceVersionDate "2024.09.30"]
[SourceQuality "1"]

1. e4 c5 2. c3 b6 3. d4 cxd4 4. cxd4 Bb7 5. Nc3 g6 6. Nf3 Bg7 7. Bc4 Nc6 8. 0-0 Rc8 9. Bb3 e6 10. Nb5 Nge7 11. Nd6+ Kf8 12. d5 Na5 13. Ng5 Qc7 14. Ngxf7 Nxb3 15. axb3 Ra8 16. Qf3 Kg8 17. Nh6+ 1-0

[Event "Teguise Hotel op"]
[Site "Lanzarote"]
[Date "2024.08.20"]
[Round "7"]
[White "Tomaszewski, Kacper"]
[Black "Rucek, Peter"]
[Result "1-0"]
[WhiteElo "2326"]
[BlackElo "1963"]
[PlyCount "65"]
[EventDate "2024.08.15"]
[EventType "swiss"]
[EventRounds "9"]
[EventCountry "ESP"]
[SourceTitle "CBM 221 Extra"]
[Source "ChessBase"]
[SourceDate "2024.09.30"]
[SourceVersion "1"]
[SourceVersionDate "2024.09.30"]
[SourceQuality "1"]

1. Nf3 d5 2. c4 e6 3. d4 c5 4. cxd5 exd5 5. Bg5 Nf6 6. Nc3 Be6 7. Bxf6 Qxf6 8. e4 cxd4 9. Bb5+ Nd7 10. Bxd7+ Bxd7 11. Nxd5 Qd8 12. Qxd4 Bd6 13. Nc3 Qb6 14. 0-0 Qxd4 15. Nxd4 Be5 16. Rad1 0-0-0 17. f4 Bxd4+ 18. Rxd4 Bg4 19. Rxd8+ Rxd8 20. f5 f6 21. Rf4 Bd1 22. Kf1 Bc2 23. Ke2 Bd3+ 24. Ke1 Bc4 25. Rf2 a5 26. Rd2 Bd3 27. Kf2 a4 28. Ke3 Bc4 29. Rxd8+ Kxd8 30. Kd4 b5 31. a3 h5 32. g3 Kd7 33. Nxa4 1-0

[Event "Teguise Hotel op"]
[Site "Lanzarote"]
[Date "2024.08.19"]
[Round "6"]
[White "Rucek, Peter"]
[Black "Xu, Pengmo"]
[Result "1/2-1/2"]
[WhiteElo "1963"]
[BlackElo "1834"]
[PlyCount "98"]
[EventDate "2024.08.15"]
[EventType "swiss"]
[EventRounds "9"]
[EventCountry "ESP"]
[SourceTitle "CBM 221 Extra"]
[Source "ChessBase"]
[SourceDate "2024.09.30"]
[SourceVersion "1"]
[SourceVersionDate "2024.09.30"]
[SourceQuality "1"]

1. e4 c6 2. Nf3 d5 3. Nc3 Bg4 4. h3 Bxf3 5. Qxf3 Nf6 6. Be2 e6 7. 0-0 Bc5 8. Rd1 0-0 9. d4 Be7 10. Be3 Nbd7 11. e5 Ne8 12. Bf1 g6 13. Ne2 Ng7 14. Bh6 Bg5 15. Bxg7 Kxg7 16. g3 Qe7 17. h4 Bh6 18. Bh3 Kg8 19. Qg4 c5 20. c3 Rfc8 21. f4 Bf8 22. h5 Nb8 23. c4 Nc6 24. hxg6 hxg6 25. cxd5 exd5 26. e6 cxd4 27. Nxd4 Bg7 28. Nf3 Re8 29. Re1 Nd4 30. Nxd4 Bxd4+ 31. Kh1 Kg7 32. f5 Bxb2 33. Rab1 Bc3 34. Rf1 Rf8 35. Qf3 Bf6 36. Qxd5 fxe6 37. fxe6 b6 38. Qd7 Rad8 39. Qxe7+ Bxe7 40. Rbd1 Rxf1+ 41. Rxf1 Bf6 42. Rc1 Re8 43. Kg2 Re7 44. Kf3 Bd4 45. Rd1 Bc5 46. Rd3 Kf6 47. Ke4 Rh7 48. Bg4 Kg5 49. Kf3 Kf6 1/2-1/2

[Event "Teguise Hotel op"]
[Site "Lanzarote"]
[Date "2024.08.17"]
[Round "4"]
[White "Rucek, Peter"]
[Black "Romero Quesada, Jaime Bernabe"]
[Result "1-0"]
[WhiteElo "1963"]
[BlackElo "1671"]
[PlyCount "46"]
[EventDate "2024.08.15"]
[EventType "swiss"]
[EventRounds "9"]
[EventCountry "ESP"]
[SourceTitle "CBM 221 Extra"]
[Source "ChessBase"]
[SourceDate "2024.09.30"]
[SourceVersion "1"]
[SourceVersionDate "2024.09.30"]
[SourceQuality "1"]

1. e4 e5 2. Nf3 Nc6 3. Bc4 d6 4. Nc3 Bg4 5. h3 Bh5 6. g4 Bg6 7. d4 exd4 8. Nxd4 Ne5 9. Be2 h6 10. Be3 Be7 11. Qd2 Nf6 12. Nf5 0-0 13. 0-0-0 a6 14. f4 Ned7 15. h4 Bxf5 16. gxf5 Nc5 17. Bxc5 dxc5 18. Qe3 Qe8 19. e5 Nh7 20. Rdg1 Kh8 21. Bd3 b5 22. f6 Bxf6 23. Qe4 g6 1-0

[Event "SVK-chT3B2 2324"]
[Site "Slovakia"]
[Date "2024.02.04"]
[Round "7.2"]
[White "Gombar, Peter"]
[Black "Rucek, Peter"]
[Result "0-1"]
[WhiteElo "1916"]
[BlackElo "1894"]
[PlyCount "92"]
[EventDate "2023.10.15"]
[EventType "team-tourn"]
[EventRounds "11"]
[EventCountry "SVK"]
[SourceTitle "EXT 2025"]
[Source "ChessBase"]
[SourceDate "2024.10.14"]
[SourceVersion "1"]
[SourceVersionDate "2024.10.14"]
[SourceQuality "1"]
[WhiteTeam "Povazska Bystrica II"]
[BlackTeam "Belusa"]
[WhiteTeamCountry "SVK"]
[BlackTeamCountry "SVK"]

1. e4 e6 2. d4 d5 3. exd5 exd5 4. Nf3 Nf6 5. Bd3 c5 6. dxc5 Bxc5 7. Qe2+ Be6 8. Ng5 Qe7 9. Bf4 Nc6 10. 0-0 0-0 11. c3 Rfe8 12. Nd2 Bg4 13. Qxe7 Rxe7 14. Nb3 Bb6 15. Bd6 Rd7 16. Bc5 d4 17. cxd4 Nxd4 18. Bxd4 Bxd4 19. Nxd4 Rxd4 20. Bc2 h6 21. Nf3 Bxf3 22. gxf3 Rd2 23. Rac1 Re8 24. b4 g6 25. Bb3 Rde2 26. Rc7 R8e7 27. Rfc1 Nh5 28. Rxe7 Rxe7 29. Kg2 Nf4+ 30. Kf1 g5 31. Rc3 Kg7 32. Rc1 Nd3 33. Rc4 Re1+ 34. Kg2 Nf4+ 35. Rxf4 gxf4 36. Kh3 Rg1 37. Bd5 b6 38. Bb3 f6 39. Bd5 Kf8 40. Kh4 Rg5 41. Bc4 Ke7 42. h3 Kd6 43. b5 Kc5 44. Be2 Kb4 45. Bd3 Kc3 46. Be4 Kd2 0-1

[Event "SVK-chT3B2 2324"]
[Site "Slovakia"]
[Date "2023.12.10"]
[Round "5.2"]
[White "Rucek, Peter"]
[Black "Detko, Jan"]
[Result "1-0"]
[WhiteElo "1894"]
[BlackElo "2031"]
[PlyCount "62"]
[EventDate "2023.10.15"]
[EventType "team-tourn"]
[EventRounds "11"]
[EventCountry "SVK"]
[SourceTitle "EXT 2025"]
[Source "ChessBase"]
[SourceDate "2024.10.14"]
[SourceVersion "1"]
[SourceVersionDate "2024.10.14"]
[SourceQuality "1"]
[WhiteTeam "Belusa"]
[BlackTeam "Prievidza III"]
[WhiteTeamCountry "SVK"]
[BlackTeamCountry "SVK"]

1. e4 Nc6 2. Nf3 d6 3. d4 Bg4 4. Be3 Nf6 5. Nc3 e6 6. Be2 d5 7. e5 Nd7 8. 0-0 Be7 9. h3 Bf5 10. Bd3 Bxd3 11. Qxd3 Nb4 12. Qd2 a6 13. a3 Nc6 14. Nh2 Na7 15. f4 f5 16. exf6 Nxf6 17. Nf3 0-0 18. Ne5 Nc8 19. Qe2 Nd6 20. Rae1 Qe8 21. Bc1 Nde4 22. Nxe4 Nxe4 23. Qg4 Bf6 24. Be3 h5 25. Qd1 Bxe5 26. fxe5 Qg6 27. Qd3 Qg3 28. Bc1 Rxf1+ 29. Rxf1 Rf8 30. Rxf8+ Kxf8 31. Qf1+ Kg8 1-0

[Event "SVK-chT3B2 2324"]
[Site "Slovakia"]
[Date "2023.11.19"]
[Round "4.4"]
[White "Zernovic, Michal"]
[Black "Rucek, Peter"]
[Result "0-1"]
[WhiteElo "1844"]
[BlackElo "1894"]
[PlyCount "38"]
[EventDate "2023.10.15"]
[EventType "team-tourn"]
[EventRounds "11"]
[EventCountry "SVK"]
[SourceTitle "EXT 2025"]
[Source "ChessBase"]
[SourceDate "2024.10.14"]
[SourceVersion "1"]
[SourceVersionDate "2024.10.14"]
[SourceQuality "1"]
[WhiteTeam "Povazske Podhradie III"]
[BlackTeam "Belusa"]
[WhiteTeamCountry "SVK"]
[BlackTeamCountry "SVK"]

1. e4 e6 2. f4 d5 3. e5 d4 4. c4 Nc6 5. a3 Nge7 6. Bd3 Ng6 7. Qf3 Nh4 8. Qf2 Na5 9. Ne2 Nb3 10. Ra2 Nc5 11. Qg3 Nxg2+ 12. Kf2 Qh4 13. Kxg2 Qxg3+ 14. hxg3 Nxd3 15. Nxd4 b6 16. Kh2 Bb7 17. Rf1 0-0-0 18. Nc2 g5 19. f5 exf5 0-1

[Event "SVK-chT1W 2223"]
[Site "Slovakia"]
[Date "2022.10.16"]
[Round "2.8"]
[White "Farkas, Renata"]
[Black "Rucek, Peter"]
[Result "1/2-1/2"]
[WhiteElo "1881"]
[BlackElo "1909"]
[PlyCount "37"]
[EventDate "2022.10.15"]
[EventType "team-tourn"]
[EventRounds "11"]
[EventCountry "SVK"]
[SourceTitle "EXT 2024"]
[Source "ChessBase"]
[SourceDate "2023.10.10"]
[SourceVersion "1"]
[SourceVersionDate "2023.10.10"]
[SourceQuality "1"]
[WhiteTeam "Gabcikovo MSK"]
[BlackTeam "Dubnica nad Vahom II"]
[WhiteTeamCountry "SVK"]
[BlackTeamCountry "SVK"]

1. d4 d5 2. c4 e6 3. Nf3 Nf6 4. g3 dxc4 5. Bg2 c5 6. 0-0 Nc6 7. Qa4 Bd7 8. Qxc4 b5 9. Qd3 c4 10. Qd1 Rc8 11. Re1 Bb4 12. Bd2 Bxd2 13. Nbxd2 0-0 14. a3 Qb6 15. e3 Rfd8 16. Qe2 a5 17. Ne5 a4 18. h4 Be8 19. Ndf3 1/2-1/2

[Event "SVK-chT2B 2122"]
[Site "Slovakia"]
[Date "2022.04.30"]
[Round "10.6"]
[White "Papp, Gabor3"]
[Black "Rucek, Peter"]
[Result "0-1"]
[WhiteElo "1570"]
[BlackElo "1889"]
[PlyCount "74"]
[EventDate "2021.10.16"]
[EventType "team-tourn"]
[EventRounds "11"]
[EventCountry "SVK"]
[SourceTitle "EXT 2023"]
[Source "ChessBase"]
[SourceDate "2022.10.05"]
[SourceVersion "1"]
[SourceVersionDate "2022.10.05"]
[SourceQuality "1"]
[WhiteTeam "Levice II"]
[BlackTeam "Belusa"]
[WhiteTeamCountry "SVK"]
[BlackTeamCountry "SVK"]

1. d4 d5 2. c4 e6 3. Nc3 c5 4. cxd5 exd5 5. dxc5 Nf6 6. Bg5 Bxc5 7. e3 0-0 8. Bxf6 Qxf6 9. Qxd5 Bb4 10. Qd4 Qe7 11. Bd3 f5 12. Nge2 Nc6 13. Qf4 Bd6 14. Qa4 Nb4 15. Bc4+ Kh8 16. 0-0 a6 17. a3 Bd7 18. Qb3 Nc6 19. Nd5 Bxh2+ 20. Kxh2 Qh4+ 21. Kg1 Na5 22. Qb4 Qxc4 23. Nb6 Qxe2 24. Nxa8 Rxa8 25. Qxa5 Qg4 26. Rfd1 f4 27. Rd4 h6 28. Rxf4 Qe2 29. Qe5 Re8 30. Qd4 Bc6 31. Rh4 Re6 32. Rg4 Rf6 33. Rf4 Rg6 34. g3 Rxg3+ 35. Kh2 Rg2+ 36. Kh3 Qh5+ 37. Rh4 Qf3# 0-1

[Event "SVK-chT1W 2122"]
[Site "Slovakia"]
[Date "2022.02.27"]
[Round "4.8"]
[White "Rucek, Peter"]
[Black "Compel, Daniel"]
[Result "0-1"]
[WhiteElo "1889"]
[BlackElo "2066"]
[PlyCount "58"]
[EventDate "2021.11.06"]
[EventType "team-tourn"]
[EventRounds "11"]
[EventCountry "SVK"]
[SourceTitle "EXT 2023"]
[Source "ChessBase"]
[SourceDate "2022.10.05"]
[SourceVersion "1"]
[SourceVersionDate "2022.10.05"]
[SourceQuality "1"]
[WhiteTeam "Dubnica nad Vahom II"]
[BlackTeam "Bratislava Slovan II"]
[WhiteTeamCountry "SVK"]
[BlackTeamCountry "SVK"]

1. d4 Nf6 2. c4 e6 3. Nf3 d5 4. Nc3 c6 5. e3 Nbd7 6. Be2 dxc4 7. a4 c5 8. 0-0 Be7 9. Nd2 cxd4 10. exd4 Nb6 11. a5 Nbd5 12. Nxc4 0-0 13. Bg5 Bd7 14. Ne5 Rc8 15. Qb3 Bc6 16. Nxc6 bxc6 17. Rfb1 Rb8 18. Qd1 c5 19. Nxd5 Qxd5 20. Bf4 Rb4 21. Ra4 Rxa4 22. Qxa4 Qf5 23. Rd1 Qxf4 24. Qa3 Rd8 25. g3 Qc7 26. dxc5 Rxd1+ 27. Bxd1 Qxc5 28. Qa4 Qb4 29. Qc6 Qe1+ 0-1

[Event "SVK-ch Amateurs"]
[Site "Topolcany"]
[Date "2021.08.09"]
[Round "6"]
[White "Kucera, Michal"]
[Black "Rucek, Peter"]
[Result "0-1"]
[WhiteElo "1942"]
[BlackElo "1823"]
[PlyCount "66"]
[EventDate "2021.08.06"]
[EventType "swiss"]
[EventRounds "7"]
[EventCountry "SVK"]
[SourceTitle "EXT 2022"]
[Source "ChessBase"]
[SourceDate "2021.10.06"]
[SourceVersion "1"]
[SourceVersionDate "2021.10.06"]
[SourceQuality "1"]

1. e4 e6 2. d4 d5 3. Nc3 Bb4 4. e5 c5 5. a3 Bxc3+ 6. bxc3 Ne7 7. Qg4 Qc7 8. Bd2 Nbc6 9. Nf3 Bd7 10. Be2 0-0-0 11. 0-0 Nf5 12. Qf4 h6 13. h4 g5 14. hxg5 hxg5 15. Nxg5 Rh4 16. g4 Rg8 17. Kg2 cxd4 18. cxd4 Nfxd4 19. Bd3 Nxe5 20. f3 Ndxf3 21. Rxf3 Rxg4+ 22. Qxg4 Nxg4 23. Rg3 Nf6 24. Rh1 d4 25. Rh6 Nd5 26. Rh4 Ne3+ 27. Bxe3 Bc6+ 28. Kh3 dxe3 29. Rc4 Qe5 30. Rcg4 e2 31. Nf3 Rh8+ 32. Rh4 Rxh4+ 33. Kxh4 Bxf3 0-1

[Event "Liptovsky Jan Slovak op U2200"]
[Site "Liptovsky Jan"]
[Date "2021.06.20"]
[Round "7"]
[White "Rucek, Peter"]
[Black "Zetocha, Adrian"]
[Result "0-1"]
[WhiteElo "1797"]
[BlackElo "2034"]
[PlyCount "78"]
[EventDate "2021.06.17"]
[EventType "swiss"]
[EventRounds "7"]
[EventCountry "SVK"]
[SourceTitle "CBM 203 Extra"]
[Source "ChessBase"]
[SourceDate "2021.09.30"]
[SourceVersion "1"]
[SourceVersionDate "2021.09.30"]
[SourceQuality "1"]

1. d4 Nf6 2. Nf3 e6 3. c4 b6 4. g3 Ba6 5. Nbd2 Be7 6. Bg2 0-0 7. 0-0 d5 8. Qc2 Nbd7 9. Re1 Rc8 10. e4 dxe4 11. Nxe4 c5 12. b3 b5 13. b4 cxd4 14. c5 Bb7 15. Ned2 Nd5 16. a3 e5 17. Bb2 Bf6 18. Ne4 Bc6 19. Nxf6+ Qxf6 20. Nd2 N5b6 21. Ne4 Bxe4 22. Bxe4 g6 23. Bd3 a6 24. a4 Nxa4 25. Rxa4 bxa4 26. Qxa4 Nb8 27. Rc1 Qc6 28. b5 axb5 29. Bxb5 Qf3 30. c6 Rc7 31. Ba3 Rfc8 32. Bd6 Rxc6 33. Bxc6 Rxc6 34. Rb1 Rxd6 35. Qe8+ Kg7 36. Qxe5+ Rf6 37. Qxd4 Nc6 38. Qd2 Ne5 39. Rf1 Qe4 0-1